| 000 | 00468nam a2200181Ia 4500 | ||
|---|---|---|---|
| 003 | GCL | ||
| 008 | 140319s9999 xx 000 0 eng d | ||
| 040 |
_aGCL / _cGCL |
||
| 082 | 0 | 4 |
_a005.3 _bS G |
| 100 | 1 | _aSAMS PUBBSHING | |
| 245 | 1 | 0 |
_aPC GRAPHICS UNTEASHED / _cSAMS PUBBSHING |
| 260 |
_a[S.N] : _bSAMS PUBLISHING ، _c1994 |
||
| 300 | _a860 P | ||
| 650 | 0 | 4 | _aCOMPUTER SOFTWARE |
| 650 | 0 | 4 | _aPC SOUND CARDS |
| 650 | 0 | 4 | _aCOMPUTER - PROPGRAMME |
| 942 |
_2ddc _cBK |
||
| 999 |
_c12227 _d12227 |
||